BIBLIOTECA

SENCICO

Descubrir : la cartografía aeronáutica (Registro nro. 564)

Detalles MARC
000 -LEADER
fixed length control field 00642nam a2200241Ia 4500
005 - DATE AND TIME OF LATEST TRANSACTION
control field 20251020182442.0
008 - FIXED-LENGTH DATA ELEMENTS--GENERAL INFORMATION
fixed length control field 200515s9999 xx 000 0 und d
020 ## - INTERNATIONAL STANDARD BOOK NUMBER
International Standard Book Number 978-84-92499-76-2
082 ## - DEWEY DECIMAL CLASSIFICATION NUMBER
Classification number 528.785/M83
100 ## - MAIN ENTRY--PERSONAL NAME
Personal name Bernabé Poveda, Miguel Ángel
100 ## - MAIN ENTRY--PERSONAL NAME
Personal name Moya Honduvilla, Javier
245 #0 - TITLE STATEMENT
Title Descubrir : la cartografía aeronáutica
260 ## - PUBLICATION, DISTRIBUTION, ETC.
Place of publication, distribution, etc. Madrid
260 ## - PUBLICATION, DISTRIBUTION, ETC.
Name of publisher, distributor, etc. Aeropuertos Españoles y Navegación Aérea
260 ## - PUBLICATION, DISTRIBUTION, ETC.
Date of publication, distribution, etc. 2011
300 ## - PHYSICAL DESCRIPTION
Extent 192 p.
300 ## - PHYSICAL DESCRIPTION
Other physical details il., tbl., graf., map.
500 ## - GENERAL NOTE
General note 1 ejemplar
650 ## - SUBJECT ADDED ENTRY--TOPICAL TERM
Topical term or geographic name entry element CARTOGRAFIA
650 ## - SUBJECT ADDED ENTRY--TOPICAL TERM
Topical term or geographic name entry element CARTOGRAFIA AERONAUTICA
942 ## - ADDED ENTRY ELEMENTS (KOHA)
Koha item type Libros
Existencias
Fecha de la última vez que lo usaron Pago total Signatura topográfica completa Código de barras Precio efectivo desde Tipo de documento Estado perdido Estado dañado No es para préstamo Retirado Ubicación permanente Ubicación actual Fecha de adquisición
15/05/2020   528.785/M83 Bib-Lima15050564 15/05/2020 Libros         Biblioteca Central Lima Biblioteca Central Lima 15/05/2020